| 000 | 01671nam2a22003011 4500 | ||
|---|---|---|---|
| 001 | rc\980921 | ||
| 005 | 20250622110436.0 | ||
| 035 | _a(NLR Aleph) 006255455 | ||
| 090 |
_a6794593 _c6794593 |
||
| 100 | _a20041129d1982 |||y0rusy50 ca | ||
| 101 | 0 | _arus | |
| 102 | _aRU | ||
| 105 | _aa ||||||||| | ||
| 200 | 1 |
_aИстина и легенда _fАвториз. пер. с каз. Т. Сартаковой |
|
| 210 |
_d1982 _aБ. м. |
||
| 215 |
_a413 с. _cил. |
||
| 300 | _aНа пер. и корешке только загл. т. | ||
| 327 | 1 | _aСодерж.: Истина и легенда: Роман-диалог [о Б. Момыш-улы]; Неоконченный разговор: Повесть-монолог; Из фронтовых тетрадей | |
| 461 | 0 |
_1001rc\980919 _12001#$aСочинения$eВ 2 т.$eПер. с каз.$fАзильхан Нуршаихов$g[Вступ. ст. М. Дуйсенова$gХудож. К. Кометов]$vТ. 2 _1700#1$aНуршаихов$bА.$f1922-2011$gАзильхан$3RU\NLR\AUTH\770240134 _96794578 _aНуршаихов, А. (1922-2011) _cАлма-Ата _d1982 _fАзильхан Нуршаихов _nЖазушы _oВ 2 т. : Пер. с каз. _tСочинения _vТ. 2 |
|
| 464 | 0 |
_12001#$aИстина и легенда _tИстина и легенда |
|
| 464 | 0 |
_12001#$aНеоконченный разговор _tНеоконченный разговор |
|
| 464 | 0 |
_12001#$aИз фронтовых тетрадей _tИз фронтовых тетрадей |
|
| 801 | 0 |
_aRU _bNLR _gpsbo |
|
| 801 | 1 |
_aRU _bELAR _2rusmarc |
|
| 852 |
_aNLR _j83-5/753 |
||
| 942 | _cBOOK | ||
| 980 | _aNB | ||